000 00502nam a2200193Ia 4500
003 LK-CoDNM
008 010623t2000 xxu||||| |||| 00| 1 sin d
040 _aLK-CoDNM
_dLK-CoDNM
_eLK-CoDNM
041 _asin
080 _a929 MUW
100 _aMuwandeniya, Rohini Kumari
245 _aලියනාඩෝ ඩාවින්චි
246 _aLeanado Davinchi
260 _bS.Godage
_aColombo
_c2000
300 _b23, 22 cm
650 _aBiography
650 _aLenado Davinchi
942 _cBK
999 _c120604
_d120604